000 00892nab a2200265 u 4500
001 19497
003 HDC
007 cr bn ---aaaaa
008 210301c |r|noo 0 a d
040 _aHDC
100 _aHina,
_eauthor
_917931
245 0 _aCROATIAN PRESIDENT HOLDS BILATERAL TALKS ON MARGINS OF UN ASSEMBLY /
_cby Hina
260 _a[No place] :
_b[publisher not identified],
_c2016
336 _atext
_2rdacontent
337 _acomputer
_2rdamedia
338 _aonline resource
_2rdacarrier
650 _aBilateral relation
_917932
650 _aHalal certificate
_9482
650 _aHalal industry
_9144
710 _aABOUT CROATIA
856 _zRequest full-text at [email protected]
942 _2lcc
942 _cNEWS
942 _kNWSO 009730
999 _c16813
_d16813